00255nam a2200097Ia 4500008004100000100001900041245002900060260004200089260000900131999001700140170620s9999 xx 000 0 und d aEdiger- Marlow 0aLanguage Arts Curriculum bNew Delhi- Discovery Publishing House c2007 c24235d24235